Responses for Show #3187 - Tuesday, June 9, 1998

Contestants

[<< previous game]

Philip Sasse, a polymer chemist from Douglasville, Georgia

Susan Thaler, a librarian from Shrub Oak, New York

Joe Mecca, a state trooper from Allegheny, New York (whose 2-day cash winnings total $25,500)

[next game >>]

Jeopardy! Round responses

AROUND THE WORLD
VERSE
FAMOUS BEARDS
1990s TELEVISION
ODDS & ENDS
10-LETTER WORDS
    $100 15
Athens

Joe
    $100 6
Out

Philip
    $100 7
Saint Nicholas

Joe
    $100 1
Party of Five

Joe
    $100 21
Orderly

Philip
    $100 9
Definition

Susan
    $200 17
Transvaal

Philip
    $200 8
(S: What is winter?)

The wolf

Susan
Triple Stumper
    $200 14
P.T. Barnum

Philip
    $500 2
Politically Incorrect

Joe
    $200 22
Bookstore

Philip
    $200 10
Prosecutor

Philip
    $300 18
Spain

Susan
    $300 16
Walt Whitman

Philip
    $300 27
ZZ Top

Susan
    $300 3
Northern Exposure

Joe
    $300 23
Queen Mary

Philip
    $300 11
Millimeter

Philip
    $400 19
New Zealand

Philip
    $400 26
Gunga Din

Philip
    $400 28
Abraham Lincoln

Joe
    $400 4
Rome

Joe
    $400 24
Wolverine

Susan
    $400 12
Hemoglobin

Philip
    $500 20
Cayman Islands Dollar

Philip
    $500 30
Fences

Joe
    $500 29
Sigmund Freud

Joe
    $500 5
David Lynch

Joe
    $500 25
(less than a minute to go...)

Auburn

Triple Stumper
    $500 13
Omnivorous

Philip

Scores at the first commercial break (after clue 14):

Joe Susan Philip
$1,900 -$100 $1,700

Scores at the end of the Jeopardy! Round:

Joe Susan Philip
$3,400 $900 $4,100

Double Jeopardy! Round responses

WALL PAINTERS
COMING TO AMERICA
OBSCURE MYTHOLOGY
THE SON ALSO RISES
TIM CONWAY FILMS
MORE CELEBRITY RHYME TIME
    $200 15
Jackson Pollock

Joe
    $200 14
Gold Rush

Joe
    $200 3
(J: What are aurora borealises?)

Rainbow

JoePhilip
    $200 24
Charlemagne

Philip
    $200 1
Speed 2

Susan
    $200 8
Brooke's cooks

Joe
    $400 16
(P: Who is Diego Garcia?)

Diego Rivera

JoePhilip
    $400 18
Maryland

Philip
    $400 4
Aztecs

Philip
    $400 25
Solomon

Philip
    $400 2
McHale's Navy

Philip
    $400 9
Bette's jets

Joe
    $600 17
Mary Cassatt

Philip
    $600 19
Indentured servant

Susan
    $600 5
Valhalla

Susan
    $600 26
(S: Who is Norman Schwarzkopf?)
(we have less than a minute...)

George Patton

Susan
Triple Stumper
    $600 13
(J: Who is Harvey Korman?)

Don Knotts

Joe
Triple Stumper
    $600 10
Pitt's hits

Joe
    $800 22
Francisco Goya

Joe
    $800 20
Japan

Philip
    $1,600 6
Ankh

Susan
    $800 27
Rajiv Gandhi

Joe
    $800 29
The Shaggy D.A.

Philip
    $800 11
Farrow's arrows

Joe
    $1,100 23
(J: I don't know.)

The men's room (bathroom)

Joe
    $1000 21
Germany

Joe
    $1000 7
Moon

Philip
    $1000 28
Kiefer Sutherland

Susan
    $1000 30
The Apple Dumpling Gang

Joe
    $1000 12
Tharp's harps

Susan

Scores at the end of the Double Jeopardy! Round:

Joe Susan Philip
$7,900 $5,300 $8,900

[wagering suggestions for these scores]

Final Jeopardy! Round responses

BASKETBALL
SusanWhat are the Jazz & the Magic?
$3,601
JoeWhat are the Heat and the
$3,300
PhilipWhat are the Heat and Magic
$7,000
(2 of) Miami Heat, Orlando Magic & Utah Jazz

Final scores:

Joe Susan Philip
$4,600 $8,901 $15,900
3rd place: Jeep Electronics Portable Boom Box 2nd place: Trip to Hotel Melia Castilla, Madrid, Spain New champion: $15,900

Game dynamics:

Coryat scores:

Joe Susan Philip
$8,700 $4,500 $8,900
21 R
(including 1 DD),
3 W
(including 1 DD)
10 R
(including 1 DD),
2 W
24 R,
1 W

Combined Coryat: $22,100

[game] [game scores] [suggest correction]

Game tape date: 1998-03-03
The J! Archive is created by fans, for fans. Scraping, republication, monetization, and malicious use prohibited; this site may use cookies and collect identifying information. See terms. The Jeopardy! game show and all elements thereof, including but not limited to copyright and trademark thereto, are the property of Jeopardy Productions, Inc. and are protected under law. This website is not affiliated with, sponsored by, or operated by Jeopardy Productions, Inc. Join the discussion at JBoard.tv.